000 00524pab a2200193 454500
008 180718b2008 xxu||||| |||| 00| 0 eng d
100 _aFerraz, Claudio
245 _aExposing corrupt politicians: the effects of Brazil's publicly released audits on electoral outcomes
260 _c2008
300 _ap.703-45.
362 _aMay
650 _aElections
650 _aCorruption
650 _aPoliticians
700 _aFinan, Frederico
773 _aQuarterly Journal of Economics
908 _aN
909 _a78300
999 _c78300
_d78300